IJsland Trivia Quiz - Statistieken

Algemene statistieken
  • Deze quiz is 717 keer genomen
  • De gemiddelde score is 10 van 20
Antwoordstatistieken
Hint Antwoord % Correct
Hoofdstad van IJsland Reykjavik
97%
Officiële taal IJslands
90%
De groep mensen die zich rond 874 na Christus op IJsland vestigden Noren
85%
Land waarvan IJsland in 1918 onafhankelijk werd Denemarken
79%
Het percentage van het land van IJsland dat bebost is (tot op het dichtstbijzijnde gehele getal) 0.49%
72%
Per persoon eet IJsland meer van dit dan enig ander land behalve de Maldiven Vis
70%
Valuta van IJsland IJslandse Kroon
66%
Wat zijn Eyjafjallajökull en Öræfajökull? Vulkanen
63%
Samen met Japan is IJsland een van de weinige landen waar mensen op deze dieren kunnen jagen Walvissen
58%
Zangeres die 22 top 40-hits van de VK heeft gemaakt Björk
35%
Zeestroming die IJsland warmer houdt dan anders het geval zou zijn {Golf}stroom
33%
Eiland waar eind 10e eeuw door Erik de Rode voor het eerst nederzettingen werden gebouwd Groenland
33%
Protestantse tak waar de Kerk van IJsland deel van uitmaakt Lutheranisme
33%
Kleine zeevogel met een oranje snavel die soms als voedsel wordt gegeten Papegaaiduiker
28%
Type bioom dat 62,7% van IJsland beslaat Toendra
27%
De Alþingi, gesticht in 930 na Christus, is 's werelds oudste ______, minstens 200 jaar ouder dan dat van Engeland Parlement
21%
IJsland haalt 30% van zijn elektriciteit uit dit type stroom Geothermische
20%
Traditioneel verhaal over de nederzettingen en geschiedenis van IJsland Saga
19%
Zoon van Erik de Rode die de nederzetting Vinland, in het huidige Canada, heeft gesticht Leif Erikson
18%
Grotendeels onder water gelegen bergketen waar IJsland deel van uitmaakt {Midden}-{Atlantische} rug
16%
Geen overeenkomende quizzen gevonden
Scoreverdeling
Procent van Mensen met Elke Score
Percentiel versus Aantal Correcte Antwoorden
Uw Scoregeschiedenis
U heeft deze quiz nog niet genomen